Human resource challeenges in construction an investigation into the challenges facing human resource management in the Egyptian construction and the management / (Record no. 25106)
[ view plain ]
| 000 -LEADER | |
|---|---|
| fixed length control field | 01038ntm a22002177a 4500 |
| 005 - DATE AND TIME OF LATEST TRANSACTION | |
| control field | 20170810124253.0 |
| 008 - FIXED-LENGTH DATA ELEMENTS--GENERAL INFORMATION | |
| fixed length control field | 170802s2011 xx a frb 000 0 eng d |
| 040 ## - CATALOGING SOURCE | |
| Original cataloging agency | EG-ScBUE |
| Language of cataloging | eng |
| Transcribing agency | EG-ScBUE |
| 082 04 - DEWEY DECIMAL CLASSIFICATION NUMBER | |
| Edition number | 22 |
| Classification number | 620 |
| Item number | NAG |
| 100 1# - MAIN ENTRY--PERSONAL NAME | |
| Personal name | Nagdy, Mohamed Mahmoud. |
| 245 10 - TITLE STATEMENT | |
| Title | Human resource challeenges in construction an investigation into the challenges facing human resource management in the Egyptian construction and the management / |
| Statement of responsibility, etc | by Mchamed Mahmoud El nagdy. |
| 246 3# - VARYING FORM OF TITLE | |
| Title proper/short title | Human resource challenges in construction an investigation into the challenges facing human resource management in the Egyptian construction and the management |
| 260 ## - PUBLICATION, DISTRIBUTION, ETC. (IMPRINT) | |
| Date of publication, distribution, etc | 2011. |
| 300 ## - PHYSICAL DESCRIPTION | |
| Extent | v, 60 p. ; |
| Dimensions | 28 cm. |
| 500 ## - GENERAL NOTE | |
| General note | A dissertation submitted to the faculty of engineering. the British university in Egypt, in partial fulfillment of the requirements for the bachelor degree in civil engineering. |
| 590 ## - LOCAL NOTE (RLIN) | |
| Local note | Basant mousa |
| 650 #7 - SUBJECT ADDED ENTRY--TOPICAL TERM | |
| Source of heading or term | BUEsh |
| Topical term or geographic name as entry element | Civil Engineering |
| Form subdivision | projects |
| 653 ## - INDEX TERM--UNCONTROLLED | |
| Resource For college | Engineering, Civil |
| Arrived date list | August2017 |
| 655 ## - INDEX TERM--GENRE/FORM | |
| Form subdivision | |
| 942 ## - ADDED ENTRY ELEMENTS (KOHA) | |
| Source of classification or shelving scheme | Dewey Decimal Classification |
| Withdrawn status | Lost status | Source of classification or shelving scheme | Damaged status | Not for loan | Home library | Current library | Shelving location | Date acquired | Total Checkouts | Full call number | Barcode | Date last seen | Koha item type |
|---|---|---|---|---|---|---|---|---|---|---|---|---|---|
| Dewey Decimal Classification | Central Library | Central Library | Second Floor | 03/08/2017 | 620 NAG | 000046301 | 15/07/2025 | Projects - Students (NB) |